Memoria sobre el proyecto de un ferro-carril [sic] carbonífero desde Manresa por Ripoll, S. Juan de las Abadesas á las minas de carbón de Surroca y Ogassa / concebido, estudiado y calculado por Juan Buatista Perera
Descripción Física:
20 p. : 1 mapa plegat ; 25 cm
Materias:
Ferrocarrils -- Catalunya -- S. XIX
MARC
| LEADER | 00000nam a2200000Ia 4500 | ||
|---|---|---|---|
| 001 | 23419 | ||
| 008 | 160829s1860 xx 000 0 cat d | ||
| 080 | |a RF-16-68 | ||
| 100 | |a Buatista Perera, Juan |9 48784 | ||
| 245 | |a Memoria sobre el proyecto de un ferro-carril [sic] carbonífero desde Manresa por Ripoll, S. Juan de las Abadesas á las minas de carbón de Surroca y Ogassa / concebido, estudiado y calculado por Juan Buatista Perera | ||
| 260 | |a Barcelona : |b Establecimiento Tipográfico de Narciso Ramírez, |c 1860 | ||
| 300 | |a 20 p. : |b 1 mapa plegat ; |c 25 cm | ||
| 590 | |a Prové de OPP-3714 | ||
| 650 | 0 | |a Ferrocarrils |z Catalunya |y S. XIX |9 22518 | |
| 856 | 4 | |u https://media.diba.cat/diba/fitxers/arxiu/fulletons/bib_23419_1860_baixa.pdf |y Accés lliure | |
| 856 | 4 | |u https://media.diba.cat/diba/fitxers/arxiu/fulletons/bib_23419_1860_baixa.pdf |y Accés lliure | |
| 901 | |a Arxiu | ||
| 942 | |n 1 |2 udc | ||
| 952 | |0 0 |1 0 |4 0 |6 RF1668 |7 1 |9 54859 |a Arxiu |b Arxiu |d 2012-03-09 |l 0 |o RF-16-68 |p 23419 |r 2016-12-01 00:00:00 |w 2016-12-01 |y ARXIU | ||
| 999 | |c 58729 |d 58729 | ||
| 900 | |a bib_23419_1860_baixa.pdf | ||